00899nam a22002177a 4500003000900000005001700009008002900026020001800055040002200073082002400095100003100119245014300150260005400293300002300347534011500370600006500485650003500550650003200585700003500617700002900652DO-SdBNP20250221100547.0171120b 2018 sp |00| 0 spa d a9788408182306 aBPMSUbspacBPMSU 4a823bC319a 20182221 aCarroll, Lewisd1832-1898,10aA través del espejo y lo que Alicia encontró allí /cLewis Carroll ; ilustraciones de John Tenniel ; traducción Juan Gabriel Guix  aBarcelona, España : bEditorial Planeta, c2018 a220 p. ; c18 cm.  aTítulo original : tAlice s adventures in wonderland. trough the looking glass and what Alice found there. 14aCarroll, Lewis, d1832-1898 xCrítica e interpretación. 4aCuentos juveniles ingleses  4aLiteratura juvenil inglesa 1 aTenniel, John,eilustraciones 1 aGuix, Juan Gabriel etr.